[Event "World Blitz 2023"]
[Site "Samarkand UZB"]
[Date "2023.12.29"]
[EventDate "2023.12.29"]
[Round "8.1"]
[Result "1-0"]
[White "S L Narayanan"]
[Black "Aleksey Dreev"]
[WhiteElo "2564"]
[BlackElo "2599"]
[PlyCount "118"]

1. e4 c6 2. Nf3 d5 3. e5 c5 4. d4 cxd4 5. Qxd4 Nc6 6. Qf4 e6 7. Nc3 Nge7 8.
Bd3 Ng6 9. Qg3 Nb4 10. h4 Nxd3+ 11. cxd3 h6 12. h5 Ne7 13. Qf4 Nc6 14. a3
Bd7 15. Be3 f6 16. Qg3 Kf7 17. Bf4 Be7 18. exf6 Bxf6 19. O-O Rf8 20. Qg6+
Kg8 21. Bxh6 Qe8 22. Bd2 Qxg6 23. hxg6 Ne7 24. Rfe1 Nxg6 25. Bg5 Rac8 26.
d4 Ne7 27. Ne5 Be8 28. Bxf6 gxf6 29. Nd3 Bf7 30. Nf4 Rc6 31. Rad1 Nf5 32.
Rd3 Re8 33. g4 Ng7 34. Kg2 a6 35. Rh1 Rc4 36. Rdh3 Kf8 37. Rh8+ Ke7 38.
Rxe8+ Kxe8 39. Nfe2 e5 40. Rd1 Ke7 41. f3 Kd6 42. Kf2 Ne8 43. Ke3 Nc7 44.
f4 exf4+ 45. Nxf4 b5 46. Rf1 b4 47. axb4 Rxb4 48. Nd3 Rb3 49. Rxf6+ Ke7 50.
Rc6 Ne6 51. Nxd5+ Kf8 52. Nc3 a5 53. d5 Ng5 54. Kf4 Nh3+ 55. Ke5 Rb8 56.
Rc7 Ng5 57. Kf5 Nh7 58. g5 Bg8 59. Ke4 1-0

[Event "World Blitz 2023"]
[Site "Samarkand UZB"]
[Date "2023.12.29"]
[EventDate "2023.12.29"]
[Round "8.2"]
[Result "1-0"]
[White "Baadur Jobava"]
[Black "Haowen Xue"]
[WhiteElo "2599"]
[BlackElo "2155"]
[PlyCount "126"]

1. e4 c6 2. c4 d5 3. exd5 cxd5 4. d4 Nf6 5. Nc3 Nc6 6. Nf3 Bg4 7. Be3 e6 8.
c5 Be7 9. h3 Bh5 10. Bb5 Qc7 11. O-O O-O 12. Rc1 Ne4 13. Be2 f5 14. Ne1
Nxc3 15. bxc3 Bxe2 16. Qxe2 f4 17. Bd2 e5 18. dxe5 Qxe5 19. Qb5 Qc7 20. Nf3
a6 21. Qb3 Rad8 22. Nd4 Qd7 23. Rfe1 Rf6 24. Rb1 Bxc5 25. Qxb7 Nxd4 26.
cxd4 Qxb7 27. Rxb7 Bxd4 28. Rb4 Bc5 29. Rxf4 Rxf4 30. Bxf4 Kf7 31. Kf1 Ba3
32. Rb1 Rc8 33. Rb7+ Kf6 34. Rb6+ Kf5 35. Rxa6 Kxf4 36. Rxa3 Rc1+ 37. Ke2
Rc2+ 38. Ke1 g5 39. Rf3+ Ke4 40. a4 d4 41. Rf7 Kd3 42. Rf3+ Ke4 43. Ra3 Rc6
44. a5 Ra6 45. Kd2 h6 46. Ra4 h5 47. Ke2 g4 48. hxg4 hxg4 49. g3 Kd5 50.
Kd3 Ke5 51. Rxd4 Rxa5 52. Rxg4 Ra2 53. Rf4 Ra3+ 54. Ke2 Ra1 55. Kf3 Rg1 56.
Ra4 Kf5 57. g4+ Kg5 58. Ra5+ Kf6 59. Kf4 Rg2 60. f3 Kf7 61. Ra7+ Kg6 62.
Ra6+ Kg7 63. Ke4 1-0

[Event "World Blitz 2023"]
[Site "Samarkand UZB"]
[Date "2023.12.29"]
[EventDate "2023.12.29"]
[Round "8.3"]
[Result "1/2-1/2"]
[White "Vladislav Kovalev"]
[Black "Alexandr Predke"]
[WhiteElo "2539"]
[BlackElo "2594"]
[PlyCount "48"]

1. e4 c5 2. Nf3 Nc6 3. Nc3 g6 4. d4 cxd4 5. Nxd4 Bg7 6. Be3 Nf6 7. Bc4 O-O
8. Bb3 a5 9. a4 Ng4 10. Nxc6 Nxe3 11. Nxd8 Nxd1 12. Nxd1 Rxd8 13. c3 b6 14.
Ne3 Kf8 15. f3 Rb8 16. Bc4 Bb7 17. Ke2 Rdc8 18. Bb5 d6 19. Rhd1 Rc5 20. Rd3
h5 21. Rad1 Rbc8 22. Nd5 Bxd5 23. Rxd5 Rxd5 24. Rxd5 1/2-1/2

[Event "World Blitz 2023"]
[Site "Samarkand UZB"]
[Date "2023.12.29"]
[EventDate "2023.12.29"]
[Round "8.4"]
[Result "1/2-1/2"]
[White "Jakhongir Vakhidov"]
[Black "Fabiano Caruana"]
[WhiteElo "2574"]
[BlackElo "2815"]
[PlyCount "102"]

1. c4 e5 2. Nc3 Bb4 3. Nd5 Be7 4. Nf3 d6 5. g3 c6 6. Nxe7 Nxe7 7. Bg2 O-O
8. O-O c5 9. b3 Nbc6 10. Bb2 h6 11. e3 Bg4 12. h3 Bh5 13. g4 Bg6 14. d4 f6
15. Nh4 Bh7 16. Qd2 Qe8 17. d5 Nb8 18. f4 g5 19. Nf3 Nd7 20. f5 h5 21. e4
Kh8 22. Ne1 Qf7 23. Bf3 h4 24. Nd3 Rfc8 25. Rfc1 Bg8 26. a3 Qe8 27. Be2 Bf7
28. Ne1 Qg8 29. Nf3 Be8 30. Bc3 a6 31. a4 b6 32. a5 b5 33. cxb5 axb5 34.
Bxb5 Nb8 35. Bc4 Na6 36. Nxh4 Qh7 37. Nf3 Qxh3 38. Qh2 Qxh2+ 39. Kxh2 Rcb8
40. Ne1 Bb5 41. Nd3 Kg7 42. Kg3 Nc8 43. Rab1 Na7 44. Ba1 Nc8 45. b4 Bxc4
46. Rxc4 Nxb4 47. Nxb4 Rxa5 48. Bc3 Ra3 49. Kf2 Nb6 50. Nc2 Ra2 51. Bd2
1/2-1/2

[Event "World Blitz 2023"]
[Site "Samarkand UZB"]
[Date "2023.12.29"]
[EventDate "2023.12.29"]
[Round "8.5"]
[Result "1-0"]
[White "Dmitry Andreikin"]
[Black "Robert Hovhannisyan"]
[WhiteElo "2741"]
[BlackElo "2570"]
[PlyCount "60"]

1. d4 d5 2. c4 e6 3. Nf3 Nf6 4. Bg5 h6 5. Bxf6 Qxf6 6. e3 g6 7. Qc2 c6 8.
Nbd2 Bg7 9. Bd3 O-O 10. O-O Nd7 11. e4 Qe7 12. cxd5 exd5 13. Rfe1 dxe4 14.
Nxe4 Nf6 15. Ne5 Nxe4 16. Rxe4 Bxe5 17. Rxe5 Qd6 18. Rae1 Bd7 19. h4 Rae8
20. h5 g5 21. Bc4 Kg7 22. Bxf7 Rxf7 23. Rxe8 Bxe8 24. Rxe8 Rf8 25. Re5 Rf6
26. Qe4 Rf7 27. Re6 Qf4 28. Qg6+ Kf8 29. Qxh6+ Rg7 30. Rf6+ 1-0

[Event "World Blitz 2023"]
[Site "Samarkand UZB"]
[Date "2023.12.29"]
[EventDate "2023.12.29"]
[Round "8.6"]
[Result "0-1"]
[White "Henriquez Villagra, Cristobal"]
[Black "Vladimir Fedoseev"]
[WhiteElo "2568"]
[BlackElo "2719"]
[PlyCount "68"]

1. e4 g6 2. d4 Bg7 3. Nc3 d6 4. f4 Nc6 5. d5 Nd4 6. Be3 c5 7. dxc6 Nxc6 8.
Nf3 Bxc3+ 9. bxc3 Nf6 10. e5 Ng4 11. Bg1 Qa5 12. Qd2 dxe5 13. h3 Nf6 14.
Nxe5 Nxe5 15. fxe5 Ne4 16. Qe3 Qxe5 17. O-O-O O-O 18. Rd4 Qf6 19. Bh2 Nd6
20. Bd3 Nf5 21. Bxf5 Bxf5 22. g4 Qe6 23. Qf3 Bxc2 24. Kxc2 Qxa2+ 25. Kd3
Rac8 26. Qxb7 Qf2 27. Qe4 Rc5 28. Bg1 Qf1+ 29. Kd2 Rb5 30. Ke3 Rb1 31. Qf3
Qc1+ 32. Kf2 Qb2+ 33. Kg3 Qb8+ 34. Qf4 e5 0-1

[Event "World Blitz 2023"]
[Site "Samarkand UZB"]
[Date "2023.12.29"]
[EventDate "2023.12.29"]
[Round "8.7"]
[Result "1-0"]
[White "Shakhriyar Mamedyarov"]
[Black "Timur Gareyev"]
[WhiteElo "2716"]
[BlackElo "2569"]
[PlyCount "56"]

1. d4 Nf6 2. c4 e6 3. Nc3 Bb4 4. g3 Bxc3+ 5. bxc3 d6 6. Bg2 O-O 7. Nf3 Qe7
8. O-O e5 9. c5 Nc6 10. cxd6 cxd6 11. Ba3 e4 12. Nd2 b5 13. e3 Ba6 14. Re1
Rac8 15. Qb3 Rfe8 16. Rac1 Qd7 17. c4 bxc4 18. Nxc4 Bxc4 19. Qxc4 Ne5 20.
Qa6 Nf3+ 21. Bxf3 exf3 22. Rxc8 Rxc8 23. e4 h5 24. Qd3 Qg4 25. h3 Qxh3 26.
Qxf3 Rc2 27. e5 dxe5 28. dxe5 1-0

[Event "World Blitz 2023"]
[Site "Samarkand UZB"]
[Date "2023.12.29"]
[EventDate "2023.12.29"]
[Round "8.8"]
[Result "1/2-1/2"]
[White "Alexander Grischuk"]
[Black "Daniel Dardha"]
[WhiteElo "2699"]
[BlackElo "2568"]
[PlyCount "74"]

1. d4 d5 2. Nf3 Nf6 3. Bf4 c5 4. e3 Nc6 5. Nbd2 cxd4 6. exd4 Bf5 7. c3 e6
8. Bb5 Qb6 9. Qb3 Be7 10. Ne5 Rc8 11. Be2 h6 12. O-O O-O 13. Rfe1 Rfd8 14.
Qxb6 axb6 15. h3 Ne8 16. Bd3 Bxd3 17. Nxd3 Bd6 18. Bxd6 Nxd6 19. Re2 b5 20.
a3 Na5 21. Rae1 Nac4 22. g4 g5 23. Kg2 Kg7 24. Nf1 Ne4 25. f3 Nf6 26. f4
Ne4 27. Ng3 Ncd6 28. Nh5+ Kh7 29. Rf1 f5 30. Ne5 Rf8 31. Rf3 Nc4 32. Nd7
Rf7 33. Nc5 Rc6 34. Nd3 Rc8 35. Nc5 Rc6 36. Nd3 Rc8 37. Nc5 1/2-1/2

[Event "World Blitz 2023"]
[Site "Samarkand UZB"]
[Date "2023.12.29"]
[EventDate "2023.12.29"]
[Round "8.9"]
[Result "0-1"]
[White "Mikhail Kobalia"]
[Black "Peter Svidler"]
[WhiteElo "2558"]
[BlackElo "2689"]
[PlyCount "94"]

1. e4 c5 2. Nf3 d6 3. Bb5+ Nd7 4. O-O a6 5. Bd3 Ngf6 6. c3 b5 7. Bc2 Bb7 8.
Qe2 Rc8 9. d4 cxd4 10. cxd4 Qc7 11. Bd3 e6 12. Nc3 Be7 13. Bg5 O-O 14. Rac1
Qb8 15. Rfe1 Rfe8 16. a3 Nb6 17. h3 h6 18. Bf4 Bf8 19. Nd2 e5 20. Be3 exd4
21. Bxd4 Nbd7 22. Nf3 Nh5 23. Bb1 Nf4 24. Qd2 Ne6 25. Be3 Ne5 26. Nxe5 dxe5
27. Ba2 b4 28. Nd5 bxa3 29. bxa3 Bxd5 30. Bxd5 Bxa3 31. Rb1 Qd6 32. Rb6 Qd7
33. Rxa6 Bc5 34. Bxe6 Qxd2 35. Bxf7+ Kxf7 36. Bxd2 Red8 37. Be3 Rd3 38. Rc1
Rxe3 39. Ra5 Bb6 40. Rxc8 Re1+ 41. Kh2 Bxa5 42. Rc2 Rxe4 43. g3 Rd4 44. Kg2
Rd2 45. Rc6 Bb4 46. Kf3 Ra2 47. Rc4 Be1 0-1

[Event "World Blitz 2023"]
[Site "Samarkand UZB"]
[Date "2023.12.29"]
[EventDate "2023.12.29"]
[Round "8.10"]
[Result "1-0"]
[White "Raunak Sadhwani"]
[Black "David Paravyan"]
[WhiteElo "2668"]
[BlackElo "2566"]
[PlyCount "102"]

1. c4 e5 2. Nc3 Bb4 3. Nd5 Be7 4. Nf3 d6 5. d3 c6 6. Nc3 f5 7. e3 Nf6 8.
Be2 O-O 9. O-O a5 10. b3 Kh8 11. Bb2 Be6 12. Qc2 Na6 13. a3 Bg8 14. Rfe1
Qd7 15. Na4 Rae8 16. Bf1 b5 17. Nc3 bxc4 18. bxc4 Rb8 19. Na4 c5 20. Nc3
Nc7 21. Rab1 Rb7 22. g3 Rfb8 23. Bg2 Rb6 24. Nd2 Rf8 25. Na4 Rbb8 26. Bc3
f4 27. Rxb8 Rxb8 28. Bxa5 Ne6 29. Nf3 g5 30. exf4 gxf4 31. Bc3 h6 32. Bb2
Bh7 33. Bh3 Qb7 34. Nxe5 Ng5 35. Bg2 f3 36. Bf1 dxe5 37. Bxe5 Rf8 38. Nc3
Qd7 39. h4 Nh3+ 40. Kh2 Nxf2 41. Qxf2 Kg8 42. Bh3 Ng4+ 43. Bxg4 Qxg4 44.
Nd5 Bd8 45. Bd6 Bf5 46. Bxf8 Qh3+ 47. Kg1 Ba5 48. Rd1 Kxf8 49. Qxf3 Kg7 50.
Nf4 Bg4 51. Qf2 1-0

[Event "World Blitz 2023"]
[Site "Samarkand UZB"]
[Date "2023.12.29"]
[EventDate "2023.12.29"]
[Round "8.12"]
[Result "0-1"]
[White "Van Foreest, Jorden"]
[Black "Liam Vrolijk"]
[WhiteElo "2664"]
[BlackElo "2487"]
[PlyCount "88"]

1. e4 e5 2. Nf3 Nc6 3. Bb5 a6 4. Ba4 Nf6 5. O-O b5 6. Bb3 Bc5 7. a4 Rb8 8.
d3 h6 9. axb5 axb5 10. Nc3 O-O 11. Nd5 d6 12. Be3 Bxe3 13. Nxe3 Ne7 14. Nh4
Be6 15. Bxe6 fxe6 16. c3 Qd7 17. b4 Ra8 18. Qb3 Kh7 19. Qc2 g5 20. Nf3 Ng6
21. c4 bxc4 22. Qxc4 Rfb8 23. g3 Kg7 24. Rfc1 Rxa1 25. Rxa1 Rb7 26. Ra8 Ne7
27. d4 Nxe4 28. dxe5 d5 29. Qb3 Nc6 30. b5 Qf7 31. Ng4 Qf5 32. h3 h5 33.
Nf6 Nxe5 34. Rg8+ Kxf6 35. Rf8+ Nf7 36. Qb2+ Ke7 37. Qa3+ Ned6 38. Ra8 Rxb5
39. Kg2 Qe4 40. g4 hxg4 41. hxg4 Ne5 42. Ra7 Qxg4+ 43. Kf1 Qh3+ 44. Ke2
Qxf3+ 0-1

[Event "World Blitz 2023"]
[Site "Samarkand UZB"]
[Date "2023.12.29"]
[EventDate "2023.12.29"]
[Round "8.13"]
[Result "1-0"]
[White "Velimir Ivic"]
[Black "Anton Smirnov"]
[WhiteElo "2542"]
[BlackElo "2647"]
[PlyCount "52"]

1. e4 e5 2. Nf3 Nf6 3. Nxe5 d6 4. Nf3 Nxe4 5. Nc3 Nxc3 6. dxc3 Be7 7. Be3
Nd7 8. Bd3 O-O 9. Qe2 c6 10. O-O-O Re8 11. h4 d5 12. Bxh7+ Kxh7 13. Ng5+
Kg8 14. Qh5 Nf6 15. Qxf7+ Kh8 16. h5 Rf8 17. h6 Rxf7 18. Nxf7+ Kh7 19. Nxd8
Bxd8 20. hxg7+ Kxg7 21. Bd4 Bb6 22. Bxf6+ Kxf6 23. Rh8 Kg7 24. Rdh1 Bxf2
25. R1h7+ Kg6 26. Rc7 1-0

[Event "World Blitz 2023"]
[Site "Samarkand UZB"]
[Date "2023.12.29"]
[EventDate "2023.12.29"]
[Round "8.14"]
[Result "1-0"]
[White "Laurent Fressinet"]
[Black "Denis Lazavik"]
[WhiteElo "2636"]
[BlackElo "2556"]
[PlyCount "94"]

1. d4 Nf6 2. Nf3 d5 3. c4 e6 4. Nc3 Be7 5. Bf4 O-O 6. e3 Nbd7 7. Be2 dxc4
8. O-O a6 9. a4 c5 10. dxc5 Bxc5 11. Nd2 Nd5 12. Bg3 Nxc3 13. bxc3 b6 14.
Bf3 Ra7 15. Nxc4 Bb7 16. Bxb7 Rxb7 17. Qf3 Ra7 18. Rfd1 Qc8 19. Rab1 h6 20.
h3 Rd8 21. Bd6 Nf6 22. Be5 Rxd1+ 23. Rxd1 Ne8 24. a5 bxa5 25. Nxa5 Bf8 26.
Qc6 Ra8 27. Qe4 Ra7 28. Rb1 Nd6 29. Qd4 Rd7 30. Rd1 Rd8 31. Qb6 Nb7 32.
Rxd8 Nxd8 33. c4 Bc5 34. Qc7 Qxc7 35. Bxc7 Be7 36. c5 Kf8 37. c6 Ke8 38.
Bb6 Nxc6 39. Nxc6 Bd6 40. Ba5 Kd7 41. Nb4 f5 42. Nxa6 Kc6 43. Bb4 Be5 44.
Bf8 h5 45. Nc5 Kd5 46. Nd3 g6 47. Nxe5 1-0

[Event "World Blitz 2023"]
[Site "Samarkand UZB"]
[Date "2023.12.29"]
[EventDate "2023.12.29"]
[Round "8.15"]
[Result "1-0"]
[White "Jakub Kosakowski"]
[Black "Andrey Esipenko"]
[WhiteElo "2485"]
[BlackElo "2615"]
[PlyCount "76"]

1. e4 e5 2. Nf3 Nc6 3. Bb5 a6 4. Ba4 Nf6 5. O-O Be7 6. Re1 b5 7. Bb3 O-O 8.
c3 d6 9. h3 a5 10. d4 a4 11. Bc2 Bd7 12. Nbd2 h6 13. Nf1 Re8 14. Ng3 Bf8
15. Bd3 Qb8 16. Be3 Qb7 17. Rc1 Na5 18. Nh2 Nc4 19. b3 axb3 20. axb3 Nxe3
21. Rxe3 exd4 22. cxd4 c5 23. dxc5 dxc5 24. e5 Nd5 25. Re1 Rad8 26. Be4 Bc6
27. Qf3 Nb4 28. Ng4 Kh8 29. Rcd1 c4 30. bxc4 bxc4 31. Nf6 gxf6 32. Rxd8
Rxd8 33. Qxf6+ Kg8 34. Qxd8 c3 35. Nh5 Bxe4 36. Rxe4 Qe7 37. Rg4+ Kh8 38.
Nf6 1-0

[Event "World Blitz 2023"]
[Site "Samarkand UZB"]
[Date "2023.12.29"]
[EventDate "2023.12.29"]
[Round "8.16"]
[Result "0-1"]
[White "Andrew Hong"]
[Black "Javokhir Sindarov"]
[WhiteElo "2460"]
[BlackElo "2607"]
[PlyCount "40"]

1. e4 e5 2. Nf3 Nc6 3. Bb5 a6 4. Ba4 Nf6 5. O-O Bc5 6. c3 b5 7. Bb3 d6 8.
d4 Bb6 9. a4 Bb7 10. Re1 O-O 11. Bg5 h6 12. Bh4 b4 13. d5 Na5 14. cxb4 Nxb3
15. Qxb3 g5 16. Bg3 Nh5 17. Nbd2 f5 18. exf5 Qf6 19. Nc4 Bxd5 20. Qd3 0-1

[Event "World Blitz 2023"]
[Site "Samarkand UZB"]
[Date "2023.12.29"]
[EventDate "2023.12.29"]
[Round "8.17"]
[Result "1-0"]
[White "Renato Terry"]
[Black "Aleksey Grebnev"]
[WhiteElo "2578"]
[BlackElo "2404"]
[PlyCount "202"]

1. d4 Nf6 2. Bg5 d5 3. e3 Bg4 4. Be2 Bxe2 5. Qxe2 c6 6. Nd2 Nbd7 7. Ngf3 e6
8. O-O Be7 9. h3 O-O 10. Bf4 Qb6 11. Rab1 c5 12. c3 Rac8 13. a3 h6 14. Rfd1
Rfd8 15. Bg3 Bf8 16. Bh4 Be7 17. Ne5 Qc7 18. f4 Nxe5 19. fxe5 Nh7 20. Bg3
a6 21. Rf1 Qd7 22. Qh5 Rf8 23. Bf4 f5 24. exf6 Nxf6 25. Qg6 Qe8 26. Qd3 Rc6
27. Be5 Nd7 28. Rxf8+ Bxf8 29. Bg3 Nf6 30. Be5 Nd7 31. Bg3 Nf6 32. Rf1 Be7
33. Be5 Rc8 34. Rf3 Nd7 35. Bh2 Nf6 36. Be5 Nd7 37. Bg3 Nf6 38. Kh1 Qh5 39.
Be5 Nd7 40. Qe2 Bf6 41. Bh2 Rf8 42. e4 cxd4 43. cxd4 dxe4 44. Nxe4 Qd5 45.
Nc3 Qc6 46. Re3 Bxd4 47. Rxe6 Rf1+ 48. Qxf1 Qxe6 49. Bg3 Bxc3 50. bxc3 Nf6
51. a4 Ne4 52. Be1 Nc5 53. a5 Qe4 54. Bf2 Nb3 55. Qd1 Qc4 56. Qd7 Qxc3 57.
Qxb7 Qc4 58. Qb6 Kh7 59. Kh2 Qf4+ 60. Bg3 Qc4 61. Qd8 Qb5 62. Qd1 Nxa5 63.
Qc2+ Kg8 64. Qc8+ Kh7 65. Qc2+ Kg8 66. Qc8+ Kf7 67. Qc7+ Kg6 68. Be5 Nc6
69. Qxg7+ Kf5 70. Bg3 Ke4 71. Qg6+ Ke3 72. Qxh6+ Ke2 73. Qe6+ Kd3 74. Qg6+
Ke2 75. Qe4+ Kd2 76. Bf4+ Kd1 77. Qe3 Kc2 78. Qd2+ Kb3 79. Qd1+ Ka2 80.
Qc2+ Ka3 81. Bd6+ Nb4 82. Qc3+ Ka4 83. Qa1+ Kb3 84. Qb1+ Ka4 85. h4 a5 86.
Qa1+ Kb3 87. Qd1+ Ka2 88. h5 Qg5 89. Qe2+ Kb3 90. Qf3+ Ka2 91. Bf4 Qf5 92.
Qe2+ Nc2 93. Qc4+ Kb1 94. h6 Qh5+ 95. Kg3 Qg6+ 96. Kf2 Qf5 97. g3 Nb4 98.
Qb3+ Ka1 99. h7 Nd3+ 100. Ke3 Nxf4 101. h8=Q+ 1-0

[Event "World Blitz 2023"]
[Site "Samarkand UZB"]
[Date "2023.12.29"]
[EventDate "2023.12.29"]
[Round "8.18"]
[Result "1-0"]
[White "M Pranesh"]
[Black "Aryan Tari"]
[WhiteElo "2481"]
[BlackElo "2577"]
[PlyCount "60"]

1. e4 e5 2. Nf3 Nc6 3. Bb5 Nge7 4. O-O Ng6 5. c3 d5 6. Qa4 dxe4 7. Bxc6+
bxc6 8. Qxc6+ Bd7 9. Qxe4 f5 10. Qe2 Bd6 11. Nxe5 Bxe5 12. d4 O-O 13. dxe5
f4 14. f3 Re8 15. Rd1 Qe7 16. c4 Qc5+ 17. Qf2 Qc6 18. b3 Rxe5 19. Bb2 Rg5
20. Kh1 Re8 21. Nc3 Rge5 22. Rd2 Bf5 23. Nd5 R5e6 24. h3 Re3 25. Rad1 Qe6
26. Nxc7 Re1+ 27. Kh2 Qe3 28. Rxe1 Qxe1 29. Nxe8 Qxe8 30. Qxa7 1-0

[Event "World Blitz 2023"]
[Site "Samarkand UZB"]
[Date "2023.12.29"]
[EventDate "2023.12.29"]
[Round "8.19"]
[Result "1/2-1/2"]
[White "Pouya Idani"]
[Black "Almas Rakhmatullaev"]
[WhiteElo "2574"]
[BlackElo "2218"]
[PlyCount "70"]

1. e4 c5 2. Nf3 e6 3. c3 Nf6 4. e5 Nd5 5. a3 Nc6 6. d4 cxd4 7. cxd4 d6 8.
Bd3 Be7 9. O-O b6 10. Qe2 Bb7 11. Rd1 Qc7 12. g3 h5 13. h4 O-O-O 14. b4 Kb8
15. Ra2 dxe5 16. dxe5 Ncxb4 17. axb4 Nxb4 18. Rad2 Qc6 19. Kg2 g5 20. Bb5
Qc5 21. Rxd8+ Rxd8 22. Rxd8+ Bxd8 23. Bxg5 Bxg5 24. hxg5 Nc2 25. Kh2 Bxf3
26. Qxf3 Qxb5 27. Qxf7 Ne1 28. Qf8+ Kb7 29. Qe7+ Ka6 30. Qa3+ Kb7 31. Qe7+
Ka6 32. Qa3+ Kb7 33. Qe7+ Ka6 34. Qa3+ Kb7 35. Qe7+ 1/2-1/2

[Event "World Blitz 2023"]
[Site "Samarkand UZB"]
[Date "2023.12.29"]
[EventDate "2023.12.29"]
[Round "8.20"]
[Result "1-0"]
[White "Rudik Makarian"]
[Black "Giga Quparadze"]
[WhiteElo "2540"]
[BlackElo "2617"]
[PlyCount "96"]

1. c4 c5 2. Nf3 Nc6 3. Nc3 Nf6 4. d4 cxd4 5. Nxd4 e6 6. g3 Ne5 7. b3 Bb4 8.
Bd2 Qb6 9. Nc2 Bc5 10. Ne3 Neg4 11. Nxg4 Nxg4 12. e3 Nf6 13. Bg2 Be7 14.
O-O O-O 15. e4 d6 16. Be3 Qd8 17. Qd2 a6 18. h3 Qc7 19. Rfd1 Bd7 20. Rac1
Rad8 21. f4 Rfe8 22. Qf2 Rc8 23. Bb6 Qb8 24. Ba7 Qa8 25. e5 Nh5 26. exd6
Bf6 27. Ne4 Bb2 28. Qxb2 Qxa7+ 29. Qf2 b6 30. Kh2 Bc6 31. g4 Bxe4 32. d7
Bxg2 33. gxh5 Ba8 34. dxc8=Q Rxc8 35. h6 f6 36. hxg7 Qc7 37. Rd2 Re8 38.
Rcd1 Bc6 39. Rd6 Bd5 40. Qxb6 Qf7 41. cxd5 Qh5 42. Rd2 Qf5 43. Qd4 e5 44.
fxe5 fxe5 45. Qg4 Qf1 46. Rc6 e4 47. Rg2 e3 48. Qe6+ 1-0

[Event "World Blitz 2023"]
[Site "Samarkand UZB"]
[Date "2023.12.29"]
[EventDate "2023.12.29"]
[Round "8.21"]
[Result "0-1"]
[White "Xiangyu Xu"]
[Black "Levon Aronian"]
[WhiteElo "2491"]
[BlackElo "2772"]
[PlyCount "94"]

1. d4 Nf6 2. c4 e6 3. Nc3 Bb4 4. Qc2 O-O 5. e4 c5 6. dxc5 Nc6 7. Nf3 Bxc5
8. Bg5 Qb6 9. Bxf6 gxf6 10. a3 d6 11. b4 Bd4 12. Rd1 Be5 13. Qd2 Rd8 14.
Be2 a6 15. O-O Kg7 16. h4 Bd7 17. h5 Be8 18. Qd3 Bf4 19. Nh2 Ne5 20. Qh3
Rac8 21. Kh1 Kf8 22. Ng4 Nxg4 23. Qxg4 Be5 24. Nb1 Bc6 25. Nd2 Ke7 26. Nf3
Qc7 27. Qh4 b6 28. h6 Bb7 29. Nd4 Bxd4 30. Rxd4 b5 31. cxb5 axb5 32. Rd3
Qc2 33. Re3 Rc3 34. Bxb5 Rxe3 35. fxe3 Qc3 36. a4 Rg8 37. a5 Rg6 38. Qf4
Qxb4 39. Bd3 Qxa5 40. Rb1 Bc6 41. Kg1 Qg5 42. Qf2 Qc5 43. Qd2 Rg5 44. Rc1
Qb6 45. Qf2 f5 46. Rf1 f6 47. Qa2 Qxe3+ 0-1

[Event "World Blitz 2023"]
[Site "Samarkand UZB"]
[Date "2023.12.29"]
[EventDate "2023.12.29"]
[Round "8.22"]
[Result "1/2-1/2"]
[White "Yuriy Kuzubov"]
[Black "Haik M Martirosyan"]
[WhiteElo "2487"]
[BlackElo "2770"]
[PlyCount "102"]

1. d4 Nf6 2. Nf3 e6 3. c4 b6 4. g3 Ba6 5. Qc2 Bb7 6. Bg2 c5 7. d5 exd5 8.
cxd5 Nxd5 9. O-O Be7 10. Rd1 Nc6 11. Qa4 Nf6 12. e4 O-O 13. e5 Ne8 14. Nc3
Nc7 15. h4 Ne6 16. h5 Rb8 17. Qg4 Ncd4 18. Nxd4 cxd4 19. Nd5 Bxd5 20. Bxd5
Kh8 21. h6 g6 22. Bxe6 fxe6 23. Rxd4 Rf5 24. Bd2 Bc5 25. Rf4 Qf8 26. Rd1
Qf7 27. b4 Bf8 28. Rxf5 gxf5 29. Qc4 Qe8 30. Be3 Rc8 31. Qd3 Rc7 32. a3 Kg8
33. Qe2 Qg6 34. Qd2 Qe8 35. Bf4 Qc8 36. Qe2 Qe8 37. Rd3 Qg6 38. Qd2 Qf7 39.
Rc3 Rxc3 40. Qxc3 Qh5 41. Qc8 Qd1+ 42. Kg2 Qd5+ 43. f3 Qa2+ 44. Kh3 Qf2 45.
Qxd7 Qf1+ 46. Kh2 Qf2+ 47. Kh3 Qf1+ 48. Kh2 Qf2+ 49. Kh3 Qf1+ 50. Kh2 Qf2+
51. Kh3 1/2-1/2

[Event "World Blitz 2023"]
[Site "Samarkand UZB"]
[Date "2023.12.29"]
[EventDate "2023.12.29"]
[Round "8.23"]
[Result "1/2-1/2"]
[White "Parham Maghsoodloo"]
[Black "Bardiya Daneshvar"]
[WhiteElo "2660"]
[BlackElo "2483"]
[PlyCount "150"]

1. d4 Nf6 2. c4 e6 3. Nf3 d5 4. Nc3 c6 5. cxd5 exd5 6. Qc2 g6 7. h3 Bf5 8.
Qb3 Qb6 9. Bf4 Nbd7 10. e3 h5 11. Be2 Be7 12. O-O O-O 13. Rfc1 Ne4 14. Nxe4
Bxe4 15. Ng5 Nf6 16. Qxb6 axb6 17. g4 hxg4 18. hxg4 Nh7 19. Nxh7 Kxh7 20.
f3 g5 21. Bc7 Bg6 22. Bxb6 Kg7 23. Bc5 Bxc5 24. Rxc5 Rh8 25. Bf1 f5 26.
gxf5 Bxf5 27. a3 Kf6 28. Re1 Rae8 29. Bg2 g4 30. fxg4 Bxg4 31. e4 dxe4 32.
Bxe4 Reg8 33. Rf1+ Ke6 34. Re5+ Kd6 35. Rf6+ Kc7 36. Rg6 Rxg6 37. Bxg6 Bf3
38. Kf2 Bd5 39. Bh5 Rg8 40. Be2 Rg2+ 41. Ke3 Rg3+ 42. Kd2 Rb3 43. Kc2 Rh3
44. Bd3 Kd6 45. Rg5 Rh2+ 46. Kc3 Rh3 47. Rg6+ Kc7 48. Rg7+ Kd6 49. Kd2 Rh2+
50. Kc1 Rh1+ 51. Kc2 Rh2+ 52. Kc3 Rh3 53. Kd2 Rh2+ 54. Ke3 Rxb2 55. Bf5 c5
56. Rg6+ Kc7 57. dxc5 Rb3+ 58. Kd4 Bc6 59. Rg8 b6 60. Rg7+ Kb8 61. cxb6
Rxb6 62. Be6 Ra6 63. Kc5 Bb7 64. Bc4 Rxa3 65. Kb6 Bc8 66. Rg8 Ra1 67. Be6
Rb1+ 68. Kc6 Rc1+ 69. Kd6 Kb7 70. Bd5+ Kb6 71. Rg2 Ba6 72. Rb2+ Ka7 73. Bc6
Rg1 74. Rh2 Rg6+ 75. Kc7 Rg7+ 1/2-1/2

[Event "World Blitz 2023"]
[Site "Samarkand UZB"]
[Date "2023.12.29"]
[EventDate "2023.12.29"]
[Round "8.24"]
[Result "1-0"]
[White "Ruslan Ponomariov"]
[Black "Dmitry Bocharov"]
[WhiteElo "2613"]
[BlackElo "2482"]
[PlyCount "84"]

1. d4 Nf6 2. c4 e6 3. Nc3 Bb4 4. e3 O-O 5. Bd3 d5 6. a3 Bxc3+ 7. bxc3 c6 8.
a4 e5 9. dxe5 dxc4 10. exf6 Qxd3 11. Qxd3 cxd3 12. fxg7 Rd8 13. Nf3 Be6 14.
e4 Kxg7 15. Be3 Nd7 16. a5 b5 17. Kd2 Nf6 18. Bd4 c5 19. Be5 Bc4 20. Rhe1
Re8 21. g4 h6 22. h4 Rad8 23. g5 Rxe5 24. Nxe5 Ne8 25. Nxc4 bxc4 26. Rab1
Nd6 27. e5 Nf5 28. Re4 hxg5 29. hxg5 Rd5 30. Rxc4 Rxe5 31. Kxd3 Nd6 32. Rg4
c4+ 33. Kd4 Rxa5 34. f4 Kg6 35. Rg2 Nf5+ 36. Kxc4 Ne3+ 37. Kb4 Ra6 38. Rgg1
Kf5 39. c4 Ke4 40. c5 Ra2 41. Kb5 Kd5 42. Rgc1 1-0

[Event "World Blitz 2023"]
[Site "Samarkand UZB"]
[Date "2023.12.29"]
[EventDate "2023.12.29"]
[Round "8.25"]
[Result "1-0"]
[White "Elham Amar"]
[Black "Conrad Holt"]
[WhiteElo "2470"]
[BlackElo "2592"]
[PlyCount "108"]

1. e4 e6 2. d4 d5 3. e5 c5 4. c3 Nc6 5. Nf3 Bd7 6. Be2 Nge7 7. Na3 Nf5 8.
Nc2 Rc8 9. O-O Be7 10. Bd3 cxd4 11. cxd4 Qb6 12. b4 a5 13. a3 axb4 14. axb4
h5 15. b5 Na5 16. Ba3 Bxa3 17. Rxa3 Nc4 18. Rb3 Qa5 19. Bxf5 exf5 20. Ne3
Bxb5 21. Nxf5 Ba4 22. Nxg7+ Kf8 23. Nf5 Rg8 24. Nd6 Bxb3 25. Qxb3 Rc7 26.
Nxb7 Qa3 27. Qxa3+ Nxa3 28. Nd6 Kg7 29. h4 Rb8 30. Ra1 Rb1+ 31. Rxb1 Nxb1
32. Nf5+ Kh7 33. Ne3 Nc3 34. Kh2 Ra7 35. g4 Ra2 36. Ng5+ Kg6 37. Kg2 Ra4
38. gxh5+ Kxh5 39. Nf3 Ra8 40. Nf5 Rg8+ 41. Ng3+ Kg4 42. Ng5 Rg7 43. Nf3
Kf4 44. Ng5 Nb5 45. Nh5+ Kg4 46. Nxg7 Nxd4 47. Nxf7 Kxh4 48. e6 Nc6 49.
Nf5+ Kg4 50. e7 Nxe7 51. Nxe7 d4 52. Nc6 d3 53. Nfe5+ Kh4 54. Nxd3 1-0

[Event "World Blitz 2023"]
[Site "Samarkand UZB"]
[Date "2023.12.29"]
[EventDate "2023.12.29"]
[Round "8.26"]
[Result "1/2-1/2"]
[White "Kacper Piorun"]
[Black "Grzegorz Nasuta"]
[WhiteElo "2589"]
[BlackElo "2467"]
[PlyCount "58"]

1. g3 d5 2. Bg2 Nf6 3. Nf3 Bg4 4. O-O e6 5. d3 Be7 6. h3 Bh5 7. Qe1 O-O 8.
e4 Nc6 9. Nc3 Nb4 10. Qe2 c5 11. g4 Bg6 12. Bf4 Nc6 13. Rfe1 Re8 14. exd5
Nxd5 15. Nxd5 exd5 16. Qd2 Qd7 17. c3 Bd6 18. Bxd6 Qxd6 19. d4 Be4 20. dxc5
Qxc5 21. Re3 Bxf3 22. Bxf3 d4 23. Rxe8+ Rxe8 24. Bxc6 dxc3 25. Qxc3 Qxc3
26. bxc3 bxc6 27. Rb1 h5 28. Rb7 hxg4 29. hxg4 Re4 1/2-1/2